Том 10, № 3: Задачи аэрофизики; Численные методы механики сплошной среды

Bibliographic Details
Parent link:Численные методы механики сплошной среды: сборник научных трудов/ Академия наук СССР (АН СССР), Сибирское отделение (СО), Вычислительный центр ; Институт теоретической и прикладной механики (ИТПМ). Том 10, № 3: Задачи аэрофизики.— , 1978-1986
Other Authors: Яненко Н. Н. (редактор)
Language:Russian
Published: 1979
Subjects:
Format: Book
KOHA link:https://koha.lib.tpu.ru/cgi-bin/koha/opac-detail.pl?biblionumber=335497

MARC

LEADER 00000nam2a2200000 4500
001 335497
005 20231102004747.0
020 |a RU  |b 86-4329 
035 |a (RuTPU)RU\TPU\book\361878 
035 |a RU\TPU\book\361875 
090 |a 335497 
100 |a 20170925d1979 k y0rusy5003 ca 
101 0 |a rus 
102 |a RU 
105 |a a z 001zy 
200 0 |a Том 10, № 3: Задачи аэрофизики 
210 |d 1979 
215 |a 155 с.  |c ил. 
320 |a Библиогр. в конце ст. 
461 1 |0 (RuTPU)RU\TPU\book\295825  |t Численные методы механики сплошной среды  |o сборник научных трудов  |f Академия наук СССР (АН СССР), Сибирское отделение (СО), Вычислительный центр ; Институт теоретической и прикладной механики (ИТПМ)  |v Том 10, № 3: Задачи аэрофизики  |d 1978-1986 
606 1 |a Механика сплошных сред  |2 stltpush  |3 (RuTPU)RU\TPU\subj\43578  |9 63063 
610 1 |a физика 
610 1 |a численные методы 
610 1 |a задачи 
610 1 |a зондовые измерения 
610 1 |a математическое моделирование 
610 1 |a газодинамические задачи 
610 1 |a термохимическое разрушение 
610 1 |a сверхзвуковые потоки 
610 1 |a сверхзвуковое обтекание 
610 1 |a реальные среды 
610 1 |a перенос излучения 
610 1 |a нестационарные течения 
610 1 |a аэродинамические характеристики 
610 1 |a гиперзвуковая аэродинамика 
610 1 |a воздухозаборные устройства 
610 1 |a турбулентные течения 
610 1 |a теплопроводность 
610 1 |a ударные волны 
610 1 |a аэрозоли 
610 1 |a неустойчивость 
610 1 |a капиллярные струи 
610 1 |a газодинамические течения 
610 1 |a вихревые системы 
675 |a 531/534  |v 4 
702 1 |a Яненко  |b Н. Н.  |4 340 
801 0 |a RU  |b 63413507  |c 19950704  |g psbo 
801 1 |a RU  |b 63413507  |c 20141208 
801 2 |a RU  |b 63413507  |c 20170927  |g RCR 
942 |c BK